Lana Del Rey lyrics - Statistics

General Stats
  • This quiz has been taken 555 times
  • The average score is 9 of 15
Answer Stats
Paroles Réponse % Correct
Now my life is sweet like cinnamon Radio
94%
Only seventeen but she walks the streets so mean Carmen
87%
I will love you 'til the end of times Blue Jeans
77%
They mistook my kindness for weakness Mariners Apartment Complex
70%
Oh, i'll pick you up, if you come back to America California
68%
Swimming pool, glimmering darling Off to the races
68%
Life is beautiful, but you don't have a clue Black Beauty
66%
Ever since my baby went away The Blackest Day
62%
I can be your China doll, if you want to see me fall Without you
62%
He lives in California too, he drives a Chevy Malibu Shades Of Cool
51%
You part of the past, but now you're the future Love
46%
I bough me a truck in the middle of the night Bartender
45%
And i will never sing again Swan Song
42%
It's so sweet, swingin' to the beat Groupie Love
21%
Palm trees in the light, i can see late in night Bel Air
20%
No matching quizzes found
Score Distribution
Percent of People with Each Score
Percentile by Number Answered
Your Score History
You have not taken this quiz